000 00439nam a2200181Ia 4500
001 15819
005 20260306170224.0
008 260306t2017||||xx |||||||||||||| ||und||
041 _aESP
082 _a620.11
_bC78
100 _aCallister, William D.
_eAUT
245 0 _aCiencia e ingenierĂ­a de materiales
260 _c2017
300 _axx, 904 páginas :
_c27 cm.
650 _aGEN
654 _aCII
942 _cLIB
_dJUS
_fJUS
_2ddc
_n
999 _c15819
_d15819